| Registos Bibliográficos associados ao registo de autoridade |
|
Etiqueta de registo: 00269nam 2200145 450 001 1671959 003 http://id.bnportugal.gov.pt/bib/catbnp/1671959 100 ## $a20071120d1876 m y0pory01030103ba 101 1# $aita $apor 102 ## $aPT 105 ## $ay z 000iy 106 ## $ar 200 1# $aTagir$emelodrama em 4 actos$flibreto de E. P. d'Almeida, L. Botelho e F. S. N.$gmusica do Maestro F.S. Noronha 210 #9 $aPorto$cImprensa Portugueza,$d1876 215 ## $a95 p.$d18 cm 300 ## $aNa folha de rosto: 'Executada no Real Theatro de S. João em Março de 1876 [estreia]' 300 ## $aPersonagens: D. Estevão, Alda,Tagir, Padre Alexandre de Gusmão, D. Carlos, Elvira,
Tabira 304 ## $aO libreto, que tem a colaboração do próprio Noronha, é feito sobre a obra de Pinheiro
Chagas, A virgem de Guaraciaba 305 ## $aEd. bilingue em italiano e português 317 ## $aTeatro de São Carlos$5PTBN: T.S.C. 1291P.-T.S.C. 1293 P. 317 ## $aIPPC, Departamento de Musicologia $5PTBN: M. 3114 P.- M. 3115 P. 321 ## $aPartes vocais dos solistas e partes instrumentais (apenas da abertura) em BN C.N.
541 500 10 $aTagir.$nLibreto 601 02 $aTeatro de São João$j[Libretos]$2SIPOR$31264408 606 ## $aÓperas$j[Libretos]$2SIPOR$31158641 620 ## $dPorto 675 ## $a78.089.1$vBN$zpor$3506605 675 ## $a82-293$vBN$zpor$3488282 700 #1 $aAlmeida,$bErnesto Pinto de,$f1842-1873$31466 701 #1 $aNoronha,$bFrancisco de Sá,$f1820-1881$4230$376137 702 #1 $aBotelho,$bLuís,$f1857-?$4070$3285275 702 #1 $aChagas,$bPinheiro,$f1842-1895$4100$344711 712 02 $aImprensa Portuguesa$c(Porto)$4610$31024629 712 01 $aPortugal.$bTeatro Nacional de São Carlos$4390$315629 712 01 $aPortugal.$bInstituto Português do Património Cultural.$bDepartamento de Musicologia$4390$3285717 801 #0 $aPT$bBN$gRPC 856 40 $2Cópia digital disponível na HathiTrust Digital Library$uhttps://catalog.hathitrust.org/Record/100523122 966 ## $lBN$mMUSICA$sM. 3114 P.$x7 966 ## $lBN$mMUSICA$sM. 3115 P.$x7 966 ## $lBN$mMUSICA$sT.S.C. 1291 P.$x6 966 ## $lBN$mMUSICA$sT.S.C. 1292 P.$x6 966 ## $lBN$mMUSICA$sT.S.C. 1293 P.$x6 976 ## $d20260619$rmemarques 997 ## $aBIBEOD
Etiqueta de registo: 00517cam 2200181 450 001 551420 003 http://id.bnportugal.gov.pt/bib/catbnp/551420 005 19990103000000.0 095 ## $aPTBN00756338 100 ## $a19950727d1892 km y0pory0103 ba 101 0# $apor 102 ## $aPT 200 1# $aFarrapos$ejornal de um impressionista$fLuiz Botelho 210 #9 $aPorto$cLiv. Universal,$d1892 215 ## $a6 f., 238 p., [1] f.$d20 cm 700 #1 $aBotelho,$bLuís,$f1857-?$3285275 801 #0 $aPT$bBN$gRPC 966 ## $lBN$mFGMON$sL. 40507 P. 997 ## $aBIBEOD
|
|
|